| 000 | 00461nam a2200181Ia 4500 | ||
|---|---|---|---|
| 001 | 1209 | ||
| 005 | 20260306140615.0 | ||
| 008 | 260306t2003||||xx |||||||||||||| ||spa|| | ||
| 041 | _aESP | ||
| 082 |
_a189.2 _bU61 2002 |
||
| 100 |
_aUniversidad del Norte Santo Tomás de Aquino _eAUT |
||
| 245 | 0 |
_aFe y razón: _bencuentro y meditación |
|
| 260 | _c2003 | ||
| 300 |
_a240 páginas : _c22 cm. |
||
| 650 | _aGEN | ||
| 654 | _aCHU | ||
| 942 |
_cLIB _dJUS _fJUS _2ddc _n |
||
| 999 |
_c1209 _d1209 |
||